| 000 | 00691nam a2200229Ii 4500 | ||
|---|---|---|---|
| 003 | JO-AjNU | ||
| 008 | 230605s9999||||xx |||||||||||||| ||und|| | ||
| 017 | _a2013/3/842 | ||
| 020 | _a978-9957-94-023-2 | ||
| 040 |
_aJO-AjNU _bara _erda _cJO-AjNU |
||
| 041 | _aara | ||
| 050 | 1 | 4 | _aPJ7846 2013 |
| 100 | 3 |
_aتأليف القرالة، أحمد كمال, _eauthor _948352 |
|
| 245 | 0 | 0 | _aكي لا أموت مرتين |
| 250 | _aط1 | ||
| 264 | 3 | 1 | _aعمان:وزارة الثقافة،2013 |
| 300 | _a159ص | ||
| 336 |
_atext _btxt _2rdacontent |
||
| 337 |
_aunmediated _bn _2rdamedia |
||
| 338 |
_avolume _bnc _2rdacarrier |
||
| 650 | 4 |
_aالأدب العربي - روايات _948353 |
|
| 999 |
_aA21169 _c24737 _d24737 |
||